Aplikácie GC-MS a GCxGC v analýze prchavých zlúčenín bakalárska práca

Guardado en:
Detalles Bibliográficos
Autor principal: Kašperová, Denisa
Formato: Libro
Lenguaje:eslovaco
Publicado: Bratislava STU FCHPT 2015
Acceso en línea:Ver en el OPAC
Etiquetas: Agregar Etiqueta
Sin Etiquetas, Sea el primero en etiquetar este registro!

MARC

LEADER 00000nam a2200000 a 4500
005 20260127134157.0
008 160808 2015 000 0 slo d
035 |a vtls011571768 
039 9 |y 201608081105  |z mschk03 
040 |a STUSCHK1  |b slo  |c STUSCHK1  |e AACR2 
100 1 |a Kašperová, Denisa 
245 1 |a Aplikácie GC-MS a GCxGC v analýze prchavých zlúčenín  |b bakalárska práca  |c Denisa Kašperová 
260 |a Bratislava  |b STU FCHPT  |c 2015 
300 |a 47 s.  |b il.  |c 25 cm 
500 |a Študijný program: chémia, medicínska chémia a chemické materiály 
500 |a Študijný odbor: chémia, chemické technológie 
500 |a Školiace pracovisko: Odd. analytickej chémie 
500 |a Evid. číslo: FCHPT-13569-60976 
910 |a SCHK95 
999 |c 5947  |d 5947